Farmacología humana
Wedi'i Gadw mewn:
| Prif Awdur: | |
|---|---|
| Fformat: | Llyfr |
| Iaith: | Sbaeneg |
| Cyhoeddwyd: |
Barcelona
Elsevier España
2008
|
| Rhifyn: | 5a. ed |
| Pynciau: | |
| Tagiau: |
Ychwanegu Tag
Dim Tagiau, Byddwch y cyntaf i dagio'r cofnod hwn!
|
MARC
| LEADER | 00000cam a2200000 a 4500 | ||
|---|---|---|---|
| 001 | UCG9957 | ||
| 003 | CL-VaPUC | ||
| 005 | 20250421105119.0 | ||
| 008 | 120420e20080000SP |||||||||||||||||spa|d | ||
| 999 | |c 347482 |d 347480 | ||
| 020 | |a 9788445818619 | ||
| 040 | |c Pontificia Universidad Católica de Valparaíso | ||
| 082 | 0 | 4 | |a 615.1 |b FLO |2 21 |
| 100 | 0 | |a Flórez, Jesús |e author |9 561736 | |
| 245 | 1 | 0 | |a Farmacología humana |
| 250 | |a 5a. ed | ||
| 260 | |a Barcelona |b Elsevier España |c 2008 | ||
| 300 | |a 1521 p | ||
| 583 | |a last modification |c 20120420 11:58:00 |k Rodrigo Vera | ||
| 650 | 0 | |a Farmacología clínica |9 269634 | |
| 650 | 0 | |a Medicamentos |x Uso terapéutico |9 266815 | |
| 650 | 7 | |a Enfermedades |x Tratamiento farmacológico |2 CL-VaPUC |9 382169 | |
| 650 | 0 | |a Farmacocinética |9 329869 | |
| 650 | 0 | |a Terapias personalizadas |9 902241 | |
| 650 | 0 | |a Ensayos clínicos |9 902239 | |
| 942 | |c BK |2 ddc | ||
| 945 | |d 20120420 00:00:00 |a cmena | ||
| 952 | |0 0 |1 0 |4 0 |6 615_100000000000000_FLO_2008 |7 0 |8 A |9 448858 |a BIBCUR |b BIBCUR |d 2019-11-22 |i 4861736 |l 1 |o 615.1 FLO 2008 |p 4861736 |r 2025-04-22 |s 2022-03-10 |w 2019-11-22 |y BK |k TEM | ||